El 35 de mayo o Konrad cabalga por el océano Pacífico (Registro nro. 8818)

Detalles MARC
000 -LIDER
fixed length control field 01049nam a22002777a 4500
003 - IDENTIFICACDOR DE NÚMERO DE CONTROL
control field DO-SdBNP
005 - DATE AND TIME OF LATEST TRANSACTION
control field 20180126112157.0
008 - ELEMENTOS DE LONGITUD FIJA
fixed length control field 900426s 1987 sp spa
020 ## - ISBN
International Standard Book Number 9788434585805
040 ## - FUENTE DE CATALOGACIÓN
Agencia que crea de manera original el registro BPMSU
Idioma de catalogación spa
Agencia que realiza la transcripción BPMSU
092 ## - LOCALLY ASSIGNED DEWEY DECIMAL CALL NUMBER
Número de clasificación xxxxxxx
Número de ítem (Cutter) xxxxxxx
100 1# - ASIENTO PRINCIPAL -- NOMBRE PERSONAL
Nombre personal Kästner, Erich
Fechas asociadas con el nombre 1899-1974
245 13 - MENCIÓN DE TITULO
Título El 35 de mayo o Konrad cabalga por el océano Pacífico
Mención de responsabilidad Erich Kästner ; traducción de Pilar Fernández-Galiano ; ilustraciones de Horst Lemke ; ilustración de la cubierta, Walter Trier
246 13 - VARIACION DEL TÍTULO
Título propiamente dicho o título corto El treinta y cinco de mayo o Konrad cabalga por el Océano Pacífico
260 1# - PUBLICACIÓN, DISTRIBUCIÓN, ETC. (PIE DE IMPRENTA)
Lugar de publicación, distribución, etc Barcelona
Nombre del editor, distribuidor, etc. Salvat
Fecha de publicación, distribución, etc 1987
300 ## - DESCRIPCIÓN FÍSICA
Extensión 118 p. ;
Otros detalles físicos il. :
Dimensiones 22 cm.
490 1# - MENCIÓN DE SERIES
Mención de serie Biblioteca juvenil
Volume/sequential designation 51
700 11 - ASIENTO SECUNDARIO -- NOMBRE PERSONAL
Nombre personal Fernández-Galiano, Pilar
Mención de responsabilidad tr.
700 11 - ASIENTO SECUNDARIO -- NOMBRE PERSONAL
Nombre personal Lemke, Horst
Mención de responsabilidad il.
740 30 - ASIENTO SECUNDARIO DE TÍTULOS RELACIONADOS O ANALÍTICOS NO CONTROLADOS
Título analítico o relacionado no controlado El 35 de mayo
740 0# - ASIENTO SECUNDARIO DE TÍTULOS RELACIONADOS O ANALÍTICOS NO CONTROLADOS
Título analítico o relacionado no controlado Konrad cabalga por el océano Pacífico
830 #0 - ASIENTO SECUNDARIO DE SERIE--TÍTULO UNIFORME
Título uniforme Biblioteca juvenil (Salvat Editores)
Volume number/sequential designation 51
942 ## - ADDED ENTRY ELEMENTS (KOHA)
Source of classification or shelving scheme Dewey Decimal Classification
Koha item type Libros
945 ## - INFORMACIÓN DE PROCESAMIENTO LOCAL
Información de procesamiento local Inventariado, 2018 / BT
956 ## - LOCAL ELECTRONIC LOCATION AND ACCESS (OCLC)
Nombre de host VMATEO
Método de acceso 10
Materiales especificados 20151119
Enlace BPMSU
Campo enlazado y núm. de secuencia 00151
Existencias
Withdrawn status Lost status Source of classification or shelving scheme Damaged status Not for loan Collection code Home library Current library Date acquired Source of acquisition Total Checkouts Barcode Date last seen Price effective from Koha item type
    Dewey Decimal Classification     Colección Juvenil General Biblioteca Pública Metropolitana Salomé Ureña Biblioteca Pública Metropolitana Salomé Ureña 11/19/2015 FUNDI   BPMSU15110388 11/19/2015 11/19/2015 Libros